000 00978nas a2200313 4500
001 BR8904161
003 BR-BrBNA
005 20231205091655.0
007 ta
008 230509b bl.|||p| |||| 00| 00por d
040 _aBR-BrBNA
_bpor
_cBiblioteca Nacional de Agricultura
041 _a(Pt)
072 _aL73
100 1 _aSilva, J.A.
100 1 _aModena, C.M.
100 1 _aMoreira, E.C.
100 1 _aMachado, T.M.M.
100 1 _aViana, F.C.
100 1 _aAbreu, V.L.V.
245 1 _aFrequencia de febre aftosa, lingua azul e leucose enzootica bovina em caprinos de diferentes sistemas de producao no estado de Minas Gerais
650 _aCAPRINO
650 _aAFTOSA
650 _aLINGUA AZUL
650 _aLEUCOSE
650 _aMINAS GERAIS
773 0 _tArquivo Brasileiro de Medicina Veterinaria e Zootecnia (Brazil)
_xISSN 0102-0935
_g(Dec 1988), v. 40(6) p. 393-403
_wBR8904161
909 _a202311
_bLúcia
_c55
_dLúcia Elande
942 _2AGRIS
_n0
_cANA
999 _c126607
_d126607